La imagen de España: continuidad y cambio en la sociedad española

Сохранить в:
Библиографические подробности
Главный автор: Ayala, Francisco J (Автор)
Формат:
Язык:испанский
Опубликовано: Madrid Alianza 1986
Предметы:
Метки: Добавить метку
Нет меток, Требуется 1-ая метка записи!

MARC

LEADER 00000nam a2200000 a 4500
001 UCX0902
003 CL-VaPUC
008 900409e19860000SP |||||||||||||||||spa|d
082 0 4 |a 946  |b AYA  |2 21 
100 0 |a Ayala, Francisco J  |e author  |9 316289 
245 1 3 |a La imagen de España: continuidad y cambio en la sociedad española 
300 |a 221 p 
942 |c BK 
945 |d 19900409 00:00:00 
260 |a Madrid  |b Alianza  |c 1986 
650 0 |a Aspectos sociológicos   |9 309271 
651 0 |a España  |9 254926 
583 |a last modification  |c 19900409 00:00:00  |k Rodrigo Vera 
999 |c 222302  |d 222300 
952 |0 0  |1 0  |4 0  |6 946_000000000000000_AYA_1986  |7 0  |8 A  |9 216800  |a BIBEDU  |b BIBEDU  |d 2019-11-15  |i 2856948  |l 1  |m 2  |o 946 AYA 1986  |p 2856948  |r 2025-03-18  |s 2025-03-07  |w 2019-11-15  |y BK  |k LIT